Frontiers of the sea: the story of oceanographic exploration

Na minha lista:
Detalhes bibliográficos
Autor principal: Cowen, Robert (Author)
Formato: Livro
Idioma:inglês
Publicado em: Nueva York Doubleday 1960
Assuntos:
Tags: Adicionar Tag
Sem tags, seja o primeiro a adicionar uma tag!

MARC

LEADER 00000nam a2200000 a 4500
001 UCV5157
003 CL-VaPUC
008 920811e19600000US |||||||||||||||||eng|d
082 0 4 |a 551.4607  |b COW  |2 21 
100 0 |a Cowen, Robert  |e author  |9 299447 
245 1 0 |a Frontiers of the sea: the story of oceanographic exploration 
300 |a 307 p 
942 |c BK 
945 |d 19920811 00:00:00 
260 |a Nueva York  |b Doubleday  |c 1960 
650 7 |a OCENOGRAFIA INVESTIGACIONES  |2 CL-VaPUC  |9 261764 
650 7 |a EXPLORACIONES SUBMARINAS  |2 CL-VaPUC  |9 261765 
583 |a last modification  |c 19920811 00:00:00  |k Rodrigo Vera 
999 |c 211748  |d 211746